000 00476nam a22001937a 4500
003 MPLRDC
005 20220104143705.0
008 210129b ||||| |||| 00| 0 eng d
020 _a957-706-141-9
082 _a411.35 YDJK
100 _a盐的健康网路
245 _a自然盐瘦身美容法
_c徐玉枝 译
250 _a初版
260 _a
_b暖流
_c1997
300 _b
490 _a健康系列. 201
650 _a食物减肥
942 _cBK
_o411.35 YDJK
999 _c42374
_d42364